000 00930nam a2200265 i 4500
003 DO-SdBNP
005 20250221124217.0
007 ta
008 240219s2017 dr 001 j spa d
020 _a9789945087666
040 _aDO-SdBNP
_bspa
_cBNPHU
_erda
082 4 _axxx
_bB174t
_222
100 1 _aMilton Ray Guevara,
_d1948-
_eautor
_4aut.
_978143
245 1 0 _aTratado del código procesal penal :
_banotado y concordado /
_cCarlos Balcácer ; prólogo, Jorge A. Subero Isa
264 1 _aSanto Domingo :
_bInstituto Dominicano de Estudios Penales,
_c2017.
300 _a1622 páginas ;
_c29 cm.
336 _atexto
_btxt
_2rdacontent
337 _asin mediación
_bn
_2rdamedia
338 _avolumen
_bnc
_2rdacarrier
500 _aÍndice doctrinario bibliográfico p: 1593-1601
590 _aInventariado, 2024/ YL
700 1 _aSubero Isa, Jorge A.,
_eprologuista
_4pr.
_98316
910 _aYLockward
942 _2ddc
_cLBS1
999 _c55964
_d55964